header

Tyranny of the weak (Record no. 39793)

MARC details
000 -LEADER
fixed length control field 01372nam a2200337Ia 4500
082 04 - DEWEY DECIMAL CLASSIFICATION NUMBER
Classification number 951.9304/3
100 1# - MAIN ENTRY--AUTHOR NAME
Personal name Armstrong, Charles K.
245 10 - TITLE STATEMENT
Title Tyranny of the weak
260 ## - PUBLICATION, DISTRIBUTION, ETC. (IMPRINT)
Place of publication Ithaca :
Name of publisher Cornell University Press,
Year of publication 2013.
300 ## - PHYSICAL DESCRIPTION
Number of Pages viii, 307 p.
650 #0 - SUBJECT ADDED ENTRY--TOPICAL TERM
Topical Term International relations.
856 40 - ELECTRONIC LOCATION AND ACCESS
Uniform Resource Identifier http://site.ebrary.com/lib/rucke/Doc?id=10721333

No items available.

© 2026 Rongo University
Contact us: librarian | system librarian | Rongo university